• 首页
  • 本馆介绍
  • 公告通知
  • 最新文献
  • 馆藏检索
  • 电子资源
  • 读者导购
  • 参考咨询
  • 我的图书馆
  • 登录
  • 详细信息显示
  • 放入我的书架
  • 预约/预借图书
  • 作者相关作品
  • 分类相关作品
  • 丛书相关作品
  • 出版社相关作品

书目信息

  • 表格格式
  • 工作单格式
  • 卡片格式
题名:
心理与行为科学统计
    
 
作者: 甘怡群 编著
分册:  
出版信息: 北京   北京大学出版社  2005
页数: 322页
开本: 24cm
丛书名:
单 册:
中图分类: B841.2
科图分类:
主题词: 心理统计--高等学校--教材 , 心理统计
电子资源:
ISBN: 7-301-08974-0
000 00949nam0 2200253 450
001 012007560596
005 20070517113719.40
010    @a7-301-08974-0@dCNY32.00
100    @a20051204d2005 km y0chiy0120 ea
101 0  @achi
102    @aCN@b110000
105    @ay z 000yy
106    @ar
200 1  @a心理与行为科学统计@Axin li yu xing wei ke xue tong ji@f甘怡群等编著@Fgan yi qun deng bian zhu
210    @a北京@c北京大学出版社@d2005
215    @a322页@d24cm
300    @a北京大学心理学教材
330    @a本书介绍了行为科学(重点是心理学)中用到的基本统计知识: 描述性统计、简单的假设验证和最简单的多元统计。 全书共分4个部分:第一部分是描述性统计,第二部分是推论统计,第三部分是简单的多元统计,第四部分,对初学者进行数据分析的几点建议。
606 0  @a心理统计@x高等学校@j教材
606 0  @a心理统计
690    @aB841.2@v4
701  0 @a甘怡群@Agan yi qun@c(女,@f1966.4~)@4编著
801  0 @aCN@bRULIN@c20070517
905    @dB841.2@e751@s8
    
    心理与行为科学统计/甘怡群等编著.-北京:北京大学出版社,2005
    322页;24cm
    北京大学心理学教材
    
    ISBN 7-301-08974-0:CNY32.00
    本书介绍了行为科学(重点是心理学)中用到的基本统计知识: 描述性统计、简单的假设验证和最简单的多元统计。 全书共分4个部分:第一部分是描述性统计,第二部分是推论统计,第三部分是简单的多元统计,第四部分,对初学者进行数据分析的几点建议。
●
相关链接 在E读中查询图书 在五车中查询图书 在当当中查询图书 在豆瓣中查询图书


正题名:心理与行为科学统计     索取号:B841.2/751         预约/预借

序号 登录号 条形码 馆藏地/架位号 状态 备注
1 0578781   205787816   第一样本阅览室/ [索取号:B841.2/751] 在馆    
2 0578782   205787825   第一借阅区/ [索取号:B841.2/751] 在馆    
3 0578783   205787834   第一借阅区/ [索取号:B841.2/751] 在馆    
4 0578784   205787843   第一借阅区/ [索取号:B841.2/751] 在馆    
5 0578785   205787852   第一借阅区/ [索取号:B841.2/751] 在馆    
6 0578786   205787861   第一借阅区/ [索取号:B841.2/751] 在馆    
7 0578787   205787870   第一借阅区/ [索取号:B841.2/751] 在馆    
8 0578788   205787889   第一借阅区/ [索取号:B841.2/751] 在馆    
唐山师范学院图书馆 欢迎您!
大连网信软件有限公司© 版权所有